MARC

LEADER 00000nab a2200000 a 4500
001 vtls001018532
003 SK-MaSNL
005 20260305041355.0
008 140423e19980000xo 0 slo
035 |a SN4472 
040 |a SNSK  |b slo  |c SNSK  |e AACR2 
041 0 |a slo 
044 |a xo  |c SK 
080 |a 376.32  |2 1981 
100 1 |a Puchala, Vladimír,  |d 1967-  |4 aut  |9 104634 
245 1 0 |a Potme cez Levoču 
650 0 7 |a zrakovo postihnuté osoby  |2 SNSK  |9 1168 
650 0 7 |a život potme  |2 SNSK  |9 1621827 
651 7 |a Levoča (Slovensko)  |2 SNSK  |9 26696 
651 7 |a Spišská Nová Ves (Slovensko : okres)  |2 SNSK  |9 22259 
651 7 |a Krompachy (Slovensko)  |2 SNSK  |9 43389 
651 7 |a Prešov (Slovensko : okres)  |2 SNSK  |9 28797 
773 0 8 |t Literárny týždenník  |g Roč. 10, č.21 (1998), s. 3 
852 |a ZVYKNI  |b KIS3GCP 
999 |c 3343413  |d 3345343